[Event "POL-chT 66th"]
[Site "Katowice"]
[Date "2010.09.11"]
[Round "8"]
[White "Matlak, Marek"]
[Black "Heberla, Bartlomiej"]
[Result "1/2-1/2"]
[WhiteElo "2485"]
[BlackElo "2534"]
[Annotator "RR"]
[PlyCount "79"]
[EventDate "2010.09.04"]
[EventType "team-tourn"]
[EventRounds "9"]
[EventCountry "POL"]
[SourceTitle "EXT 2016"]
[Source "ChessBase"]
[SourceDate "2015.10.08"]
[SourceVersion "1"]
[SourceVersionDate "2015.10.08"]
[SourceQuality "1"]
[WhiteTeam "Dankowice"]
[BlackTeam "Katowice Szopienice"]
[WhiteTeamCountry "POL"]
[BlackTeamCountry "POL"]

1. Nf3 d5 2. d4 c5 3. c4 cxd4 4. cxd5 Nf6 5. Qxd4 (5. Nxd4 Nxd5 6. e4 Nb4 7.
Qa4+ N8c6 8. Nxc6 Nxc6 9. Nc3) 5... Qxd5 6. Nc3 Qxd4 7. Nxd4 a6 8. g3 (8. Bg5
Nbd7 9. g3 e5 10. Nc2 (10. Nf3) 10... Bc5 11. Bg2 h6 12. Be3 Rb8 13. O-O b6
$132 {Tratar,M (2502)-Sommerbauer,N (2474) AUT-chT2M 0708 2007 (4.1) 1-0}) 8...
Bd7 (8... e5 9. Nb3) 9. Bg2 e5 10. Nb3 (10. Nc2 {[%csl Gb4]}) 10... Bc6 11. O-O
(11. Bxc6+ Nxc6 12. Bg5 Bb4 13. Bxf6 Bxc3+ 14. bxc3 gxf6 15. O-O-O Rc8 16. Kb2
Ke7 17. Rd3 Rhd8 18. Rhd1 Rxd3 19. Rxd3 Nb8 20. g4 Rg8 21. Rg3 Nd7 22. Kc2 Ke6
23. f3 Rc8 24. Rh3 Nb6 25. Nd2 Nd5 26. Ne4 Nf4 27. Rxh7 Nxe2 28. Rh6 Ke7 29. h4
Nd4+ 30. Kd3 Nxf3 31. Nxf6 Rc5 32. g5 b5 33. Ne4 Rc4 34. Ke3 Ne1 35. Nd6 Rf4
36. Nc8+ Kd8 37. Rh8+ Kc7 38. h5 Ng2+ 39. Ke2 Rf5 40. Ne7 Rxg5 {Vitiugov,N 
(2736)-Landa,K (2634) Sochi 2015 1/2-1/2}) 11... Bb4 12. Bd2 (12. Bg5 Bxg2 13.
Kxg2 Nbd7 14. Bxf6 Nxf6 15. Rac1 Ke7 $1) 12... Bxg2 13. Kxg2 Nc6 14. a3 (14.
Rac1 O-O-O 15. Bg5 (15. a3)) 14... Bxc3 15. Bxc3 O-O-O (15... Nd5) (15... Ne4)
(15... Ke7) 16. Rac1 Kb8 17. Rfd1 Ne4 18. Rxd8+ $146 (18. Be1 Rxd1 19. Rxd1 {
1/2-1/2 (19) Unzicker,W-O'Kelly de Galway,A Hastings 1950}) 18... Rxd8 19. f3 (
19. Be1) 19... Nxc3 20. Rxc3 Rd5 21. Kf2 {[%cal Gf2e1,Ge2e4]} Ka7 22. Ke1 Rb5
$1 {[%csl Rb2]} 23. Kd1 Kb6 24. Kc1 Rd5 25. e3 Rd6 26. Nd2 (26. Kc2) 26... Kc7
27. Nc4 Re6 28. Na5 Kb6 29. Nxc6 Rxc6 30. Kd2 Rh6 31. h4 Rg6 32. g4 e4 $1 33.
Ke2 exf3+ 34. Kxf3 Rc6 35. Rd3 Kc7 36. g5 Rd6 37. Rc3+ Rc6 38. Rd3 Rd6 39. Rc3+
Rc6 40. Rd3 1/2-1/2

[Event "Sautron op 16th"]
[Site "Sautron"]
[Date "2016.10.22"]
[Round "4.2"]
[White "Istratescu, Andrei"]
[Black "Stephan, Victor"]
[Result "1-0"]
[WhiteElo "2600"]
[BlackElo "2356"]
[Annotator "RR"]
[PlyCount "61"]
[EventDate "2016.10.22"]
[EventType "swiss"]
[EventRounds "9"]
[EventCountry "FRA"]
[SourceTitle "EXT 2019"]
[Source "ChessBase"]
[SourceDate "2018.10.10"]
[SourceVersion "1"]
[SourceVersionDate "2018.10.10"]
[SourceQuality "1"]
[TimeControl "40/5400+30:1800+30"]
[WhiteClock "0:21:53"]
[BlackClock "0:16:16"]

1. d4 {[%emt 0:03:12]} d5 {[%emt 0:00:00]} 2. c4 {[%emt 0:00:06]} c5 {[%emt 0:
00:00] Une monographie a été publiée récemment par le GMI BEZGODOV sur
cette variante rare} 3. cxd5 {[%emt 0:01:43]} Qxd5 {[%emt 0:00:00]} 4. Nf3 {
[%emt 0:00:58]} cxd4 {[%emt 0:00:00]} 5. Nc3 {[%emt 0:00:22]} Qa5 {[%emt 0:00:
12]} 6. Nxd4 {[%emt 0:00:06]} Nf6 {[%emt 0:00:13]} 7. g3 {[%emt 0:05:24]} (7.
Nb3 Qc7 8. e4 Nc6 9. Be2 e6 10. O-O a6 11. Be3 Bd6 12. f4 e5 13. f5 O-O 14. Rc1
Qd8 15. g4 h6 16. h4 Nh7 17. Kg2 Be7 18. Qxd8 Rxd8 19. Bb6 Bxh4 20. Bxd8 Bxd8
21. Bc4 Nf6 22. Kf3 Bb6 23. Nd5 Nxd5 24. exd5 Nd4+ 25. Nxd4 Bxd4 26. Bb3 Kf8
27. d6 Bd7 28. Rc7 Rd8 29. Rfc1 Bc6+ 30. Ke2 e4 31. Rxf7+ Ke8 32. Re7+ Kf8 33.
Rf7+ Ke8 34. Rd1 Bb5+ 35. Ke1 Bf6 36. Kf2 Bd3 {Ding,L (2766)-Mamedyarov,S 
(2747) Huaian 2016 1/2-1/2}) 7... e5 {[%emt 0:00:29]} 8. Nb3 {[%emt 0:00:35]}
Qc7 {[%emt 0:00:08]} 9. Bg2 {[%emt 0:01:51]} Bb4 {[%emt 0:00:32]} 10. Bd2 {
[%emt 0:03:52]} (10. Qd3 $5 O-O 11. Bg5 Rd8 12. Qf3 {Fressinet,L (2697)
-Degraeve,J (2569) FRA-chA 85th 2010 (5) 1-0}) 10... O-O {[%emt 0:03:54]} 11.
Rc1 {[%emt 0:03:35]} Nc6 {[%emt 0:02:14]} 12. a3 $146 {[%emt 0:05:32] Une
nouveauté trouvée devant l'échiquier car Andréi a commencé à réfléchir}
(12. O-O Rd8 13. Qc2 h6 14. Ne4 Nd5 15. Rfd1 Qb6 16. Bxh6 Be7 17. Bd2 Bg4 18.
Ng5 Nf6 19. Qc4 Bh5 20. Bf3 Bg6 21. Be3 Qb4 22. Qxb4 Rxd1+ 23. Rxd1 Nxb4 24.
Bxb7 Rb8 25. Na5 Nxa2 26. Bxa7 Re8 27. Nc6 Bf8 28. f3 Nb4 29. Nxb4 Bxb4 30. e4
Bf8 31. Bc6 Rc8 32. Rc1 Be7 33. Be3 Rb8 34. Rc2 Kf8 35. Kf2 Ng8 36. h4 Bb4 37.
g4 f6 38. Ne6+ Kf7 39. Bd5 Ne7 40. Bc4 Rc8 41. h5 Bh7 {Wojtaszek,R (2710)
-Ulybin,M (2521) Jurmala 2013 1-0}) 12... Bxc3 {[%emt 0:03:06]} 13. Rxc3 {
[%emt 0:01:02]} Bf5 {[%emt 0:08:11]} 14. Nc5 $14 {[%emt 0:00:48][%csl Rb7,Rc6,
Rc7][%cal Gc5b7,Gc3c7]} Rac8 {[%emt 0:01:39]} (14... Rfd8 $2 15. Nxb7) 15. Bg5
$1 {[%emt 0:10:28] La paire de B est forte} Nd7 {[%emt 0:06:57]} 16. e4 {
[%emt 0:18:25]} Nxc5 {[%emt 0:03:24]} 17. exf5 $1 $36 {[%emt 0:00:36][%csl Gf5]
[%cal Gf5f6] Le P"f" empêche le repli Ne6} Nd7 {[%emt 0:02:32]} 18. f6 {
[%emt 0:03:10]} g6 {[%emt 0:15:03]} 19. h4 $1 {[%emt 0:00:56]} Rfd8 {[%emt 0:
02:35]} 20. h5 {[%emt 0:01:01]} Nc5 {[%emt 0:02:41]} 21. Qg4 {[%emt 0:04:56]} (
21. Qe2 Nd4 $13) 21... Rd4 {[%emt 0:06:53]} 22. Qh3 $40 {[%emt 0:02:04] Le
plan des Blancs est impressionnant} Ne4 {[%emt 0:03:50]} 23. Bxe4 {[%emt 0:04:
08]} Rxe4+ {[%emt 0:00:04]} 24. Kf1 {[%emt 0:00:03]} Re8 {[%emt 0:02:21]} 25.
Rf3 {[%emt 0:01:12]} (25. Kg2 Re2 26. hxg6 fxg6 27. Rd1) 25... Nd4 {[%emt 0:01:
53]} 26. Rc3 {[%emt 0:03:45]} Nc6 {[%emt 0:00:13]} 27. Kg2 {[%emt 0:00:46]} Rd4
{[%emt 0:06:58]} 28. Rf3 {[%emt 0:00:43]} Rd7 {[%emt 0:00:50]} 29. Be3 {
[%emt 0:02:05]} Re6 {[%emt 0:11:47]} 30. hxg6 {[%emt 0:00:10]} fxg6 {[%emt 0:
00:05]} 31. Qxe6+ {[%emt 0:00:03]} 1-0

[Event "FIDE World Cup"]
[Site "Baku"]
[Date "2015.10.04"]
[Round "7.4"]
[White "Karjakin, Sergey"]
[Black "Svidler, Peter"]
[Result "1-0"]
[WhiteElo "2762"]
[BlackElo "2727"]
[Annotator "Ramirez Alvarez,A"]
[PlyCount "111"]
[EventDate "2015.09.11"]
[EventType "k.o."]
[EventRounds "7"]
[EventCountry "AZE"]
[SourceTitle "CBM 169"]
[Source "ChessBase"]
[SourceDate "2015.11.10"]
[SourceVersion "1"]
[SourceVersionDate "2015.11.10"]
[SourceQuality "1"]

1. Nf3 d5 2. d4 c5 3. c4 cxd4 4. cxd5 Nf6 5. Qxd4 Qxd5 6. Nc3 Qxd4 7. Nxd4 {
Karjakin has shown in this World Cup that he is not afraid of going into
symmetrical positions in must-win situations. He holds a slight advantage in
this position due to his superior development.} Bd7 (7... a6 {is certainly
considered the main line.}) 8. Ndb5 Kd8 {The king does not feel comfortable
here, but this seems to be part of Svidler's idea considering how much time he
used on the clock.} 9. Be3 Nc6 {There's only a handful of games in this
positions, surprsingly two of three o them from this year. None of them
continued with f3, though.} 10. f3 (10. h3 a6 11. Bb6+ Kc8 12. Nc7 {
Heimann-Ulibin, 2015. White eventually won this game.}) 10... h5 {I assume
this move is to prevent g4, but it seems rather drastic and it weakens g5.} (
10... e5 11. O-O-O Kc8 12. g4 h6 $14) 11. O-O-O Kc8 12. Bg5 g6 13. Nd6+ $1 exd6
14. Bxf6 {Now Black is saddled with a permanent weakness on d6, and also on d5.
Karjakin can be very happy with this position. After only 14 moves he has a
clear positional advantage.} Rg8 15. e4 Be6 16. Kb1 Kd7 17. Nd5 Bg7 18. Bxg7
Rxg7 19. Bb5 {Black isn't losing anything right now, but his awkward rook on
g7, problems with d6 and lack of a plan make his position very unpleasant.} Kd8
20. Rd2 {Meanwhile, White's play is rather obvious.} Bxd5 21. Rxd5 Kc7 22. Rc1
Re8 23. Rd4 {I'm not sure I understand moving the rook back.} (23. Ba4 {
immediately with the idea of b4 looks more active.}) 23... Re5 24. Ba4 b5 $1
25. Bb3 Rc5 $1 {Getting some activity while he can, Svidler tries to push back
White's pieces and force some trades.} 26. Rd5 Rxc1+ 27. Kxc1 a6 28. Rd3 g5 {
it is intuitive to keep the pawns on black squares, but here it was more
important to liberate the rook.} (28... f5 $1 {I think would have solved most
of Black's problems. The pawn structure after} 29. exf5 (29. Kd2 fxe4 30. fxe4
Re7 $11 {Black will have a superb knight on e5.}) 29... gxf5 {looks ugly, but
Black's activity is strong:} 30. g3 h4 $1 31. gxh4 Rh7 {with equality.}) 29.
Kd2 h4 30. Rc3 Kb6 31. Rd3 Kc7 32. Ke3 f6 33. Rc3 Kb6 34. Rd3 Kc7 35. Rc3 Kb6
36. Bd5 Ne7 37. Kd4 {Now White can continue pressing. Black's rook is still
quite bad, and it was not too late to play f5, trying to get some activity.}
Rh7 38. Be6 Rh8 39. a3 Rd8 40. Rc2 Rh8 41. Rf2 Ng6 42. Kd5 Rd8 43. Bf5 Nf4+ 44.
Kd4 {Black is in trouble. He is quite passive and g3 is coming, but he still
has resources.} Re8 (44... d5 $1 45. e5 $1 (45. g3 dxe4+ 46. Ke3 (46. Kxe4 Re8+
47. Kd4 Ne2+ {picks up g3.}) 46... Nd5+ 47. Kxe4 Rd6 {close to equal.}) 45...
fxe5+ 46. Kxe5 d4 47. Rd2 Kc5 {White is still better, no doubt, but there
isn't anything clear yet.}) 45. g3 Ne6+ 46. Bxe6 Rxe6 47. Kd5 $18 {Black loses
a pawn and because of the difference in activity the endgame is simply
hopeless.} Re5+ 48. Kxd6 hxg3 49. hxg3 g4 (49... a5 50. g4 {White eventually
swings the rook to attack f6 and wins.}) 50. fxg4 Rxe4 51. Rf4 $1 {The last
detail to win the game.} (51. Rxf6 Rxg4 {should be winning but it's not as
clear.}) 51... Re3 52. Rxf6 Rxg3 53. Ke5+ Kb7 (53... Kc5 54. b4+ Kc4 55. Rc6+
Kb3 56. Kf4 Rg2 57. Rxa6 {is equally bad.}) 54. Kf5 {The pawn supported by the
rook and the king easily advances.} Rb3 55. g5 Rxb2 56. g6 {Black won't create
any kind of activity, the passed pawn is unstoppable.} 1-0

[Event "Hoogeveen op 22nd"]
[Site "Hoogeveen"]
[Date "2018.10.24"]
[Round "6"]
[White "Karthikeyan, Pandian"]
[Black "Safarli, Eltaj"]
[Result "0-1"]
[WhiteElo "2443"]
[BlackElo "2676"]
[Annotator "Safarli,E"]
[PlyCount "84"]
[EventDate "2018.10.20"]
[EventType "swiss"]
[EventRounds "9"]
[EventCountry "NED"]
[SourceTitle "CBM 187 Extra"]
[Source "ChessBase"]
[SourceDate "2018.11.04"]
[SourceVersion "1"]
[SourceVersionDate "2018.11.04"]
[SourceQuality "1"]

1. d4 d5 2. Nf3 Bf5 3. c4 e6 4. Nc3 Bb4 {I didn't prepare a lot for this
particular game, but I decided to play some rare and playable line, even if I
will be slightly worse out of the opening} ({The main line is} 4... Nf6 {
played many times by Nepomniachtchi} 5. Nh4 Bb4 6. Nxf5 exf5 {with an
interesting position}) 5. Qb3 (5. cxd5 exd5 6. Bg5 Ne7) (5. Qa4+ Nc6 6. Ne5
Nge7 $1) 5... Nc6 $1 6. a3 Bxc3+ 7. Qxc3 (7. bxc3 {was another possibility but
after} Na5 8. Qa4+ c6 9. cxd5 exd5 {I think Black is okay}) {Played a bit
creatively. I think this setup is quite interesting} 7... Nge7 $5 (7... Nf6 {
of course would be more natural but I didn't like it because after} 8. Bg5 h6
9. Bxf6 Qxf6 10. cxd5 exd5 11. e3 O-O 12. Be2 {White has very solid position
with very small chances to lose.}) 8. b3 {I think it is waste of time} ({
More natural was} 8. e3 {but anyways after} O-O 9. Be2 dxc4 10. Qxc4 (10. Bxc4
Nd5 11. Qd2 Be4) 10... Nc8 $5 11. O-O Nd6 12. Qa4 Be4 {Black has some play})
8... O-O 9. e3 Bg4 $1 {[%cal Gg4f3] getting the counterplay. I was very proud
of my position when I seen this idea. Position for White is not simple at all}
10. Nd2 (10. Be2 Nf5 {[%cal Gf5h4]} 11. O-O (11. h3 Bxf3 12. Bxf3 Nh4 $1) 11...
Nh4 $1 $40) 10... e5 $1 $36 {the key idea! Black is sacrifing a pawn for very
strong initiative!} 11. dxe5 d4 12. exd4 Nxd4 (12... Qxd4 $6 13. Bb2 $14) 13.
Bb2 {here I wasn't sure how to defend my knight. Of course more natural is
what I played, but the other option was also very tempting} c5 (13... Nec6 $5
14. f3 (14. h3 Qh4 15. g3 Qh6 16. Bg2 Bf5) 14... Bf5 15. O-O-O Qg5) 14. f3 (14.
h3 Bf5 15. O-O-O Nec6) 14... Bf5 15. g4 (15. Bd3 Bxd3 (15... Nxf3+ 16. Nxf3
Qxd3) (15... Qc7 $5) 16. Qxd3 Ng6 17. Bxd4 Nxe5 18. Qe4 Nc6) 15... Bc2 $1 {
[%csl Rc2][%cal Ge7d5,Gd8h4]} 16. h4 (16. Rc1 $4 Nd5 $3 17. cxd5 Qh4#) 16... f5
$5 (16... Qb6 $5 $15) 17. Rc1 fxg4 18. Rxc2 {Very strange position. White has
more material but his king is still on the centre and I think that there is no
doubt that Black has fantastic compensation. It was not so easy here to make
decision for me, and I played the most normal move} gxf3 (18... Nef5 {It was
the best practical move. I calculated it and actually didn't find any concrete
defense for White, but was afraid that after} 19. fxg4 $2 (19. Kd1 $1 Ng3 (
19... gxf3) 20. Rg1 Qxh4 21. Qe3 Ngf5 22. Qe4 Nxc2 23. Kxc2 Qf2 24. Rxg4 Ne3+
25. Kb1 Nxg4 26. Bd3 Qxd2 27. Qxh7+ Kf7 28. Qg6+ Kg8 29. Qh7+ Kf7 $11) 19...
Ne3 $1 20. Rc1 Nxf1 21. Nxf1 Qd7 $1 {may be I am not winning - and if I am not
winning then it means that I am losing, because Black is down piece and pawn.
But actually, after the game I checked and seen that, yes, Black is winning
here} 22. Ne3 Rad8 $19) (18... Qd7 $5 {was another very interesting option})
19. Qd3 Nec6 {Black is not taking an offered exchange, he keeps tention with
his very strong knight on d4} (19... Nxc2+ 20. Qxc2 $13) 20. Kd1 Rf4 $5 {
Very nice practical idea! During the game I was very proud of myself with this
move, because I thought that I am taking control over many very important
squares for example e4, and my next moves will be Qf8, Re8 after which I will
probably win. But engines actually thinking that I am losing here.} 21. Qe3 $6
(21. Bxd4 $1 Nxd4 22. Qe3 Qf8 23. Bd3 $18) 21... Qf8 $1 $40 22. Rc3 (22. Bxd4
$2 {now this is loosing because of} cxd4 $1 $19 {[%csl Ra3,Re3,Re5][%cal Gf8a3]
}) (22. Bh3 {it was the only move for White with very unclear position} Re8 23.
e6 Qf6 $13) 22... Re8 $1 $19 23. Qf2 Rxe5 $2 {[%cal Ge5e2] We both were in
time trouble and it was not so easy to make right decisions in such a mess
position} (23... Nxe5 $1 {[%cal Ge5g4] Was winning by force. Of course I seen
this move but in time trouble I wasn't sure what I will do after} 24. Bh3 {
because now it seems that White controls the g4 square and he is okay. But no..
after fantastic idea} Qd6 $3 (24... Ng4 25. Bxg4 Rxg4 26. Rxf3 $3 Nxf3 27. Qxf3
Qxf3+ 28. Nxf3 {I calculated till here and thought that it is gonna be around
equal. I was right with evaluation here, but of course missed 24...Qd6!!}) 25.
Rg1 Qh6 $1 {White has no moves and the evaluation is -+}) 24. Re3 $8 Qe7 25.
Rxe5 Nxe5 26. Qe3 $1 Qf6 27. Bd3 f2 28. Rf1 h6 29. Be4 $2 (29. Bb1 $5 Kf8 $3
30. Ne4 Ng4 $13) (29. Ne4 Qf5 30. Nxc5 Nxd3 31. Bxd4 Nxc5 32. Bxc5 Qb1+ 33. Ke2
Qc2+ 34. Qd2 Qe4+ 35. Be3 Qf3+ 36. Kd3 Qe4+ 37. Kc3 Rf3 38. Rxf2 Rxe3+ 39. Kb2
$11 {with only draw}) 29... Ng4 $1 30. Bd5+ Kf8 $1 {this what my opponent has
missed} 31. Qg3 $2 (31. Qd3 {was the only move} b6 $5 $40) 31... Qe5 $1 $19 32.
Bxd4 Qxd4 $6 (32... cxd4 $1 $19 {was the easiest. White cannot stop Ne3 check})
33. Kc1 Ne3 $4 {Unbelievable that so many mistakes in one game} (33... Qe3 $1
34. Qxe3 Nxe3 $19) 34. Rxf2 Nxd5 35. Re2 $4 (35. Rf3 $1 Rxf3 36. Qxf3+ Nf6 37.
Qxb7 $11 {with a draw}) ({or} 35. Rxf4+ Nxf4 36. Qf3 $11) 35... Nf6 $19 36. Rg2
Ng4 37. Re2 Kg8 38. h5 Nf6 39. Re7 Rg4 40. Qb8+ Kh7 41. Qxb7 Qa1+ 42. Kc2 Rg3 {
very nice and spectacular game} 0-1

[Event "Skei"]
[Site "Skei"]
[Date "1993.??.??"]
[Round "4"]
[White "Tisdall, Jonathan D"]
[Black "Rausis, Igors"]
[Result "1-0"]
[WhiteElo "2425"]
[BlackElo "2560"]
[Annotator "Tisdall,J"]
[PlyCount "59"]
[EventDate "1993.??.??"]
[EventType "tourn"]
[EventRounds "9"]
[EventCountry "NOR"]
[EventCategory "10"]
[SourceTitle "CBM 036"]
[Source "ChessBase"]
[SourceDate "1993.10.01"]
[SourceVersion "1"]
[SourceVersionDate "1993.10.01"]
[SourceQuality "1"]

1. d4 d5 2. c4 Bf5 3. cxd5 Bxb1 4. Qa4+ c6 5. dxc6 Nxc6 6. Rxb1 e5 7. Bd2 Qxd4
8. Qxd4 exd4 9. g3 $1 a5 10. Bg2 Bb4 11. Nh3 $1 Nge7 12. Nf4 O-O 13. a3 $1
Bxd2+ 14. Kxd2 $16 {>< d4,d3,b7,c5,d5,a4.} a4 15. Rhc1 Ra5 16. Rc4 $1 (16. b4
$6 axb3 17. Rxb3 Ra7 {/\ Rfa8, <=>.}) 16... Rfa8 17. Rbc1 Rb5 18. R1c2 {/\ Rc5.
} Na5 19. Rb4 Nb3+ 20. Kd3 Raa5 21. Rxb5 $6 (21. Rc7 Kf8 22. Bxb7 $1) 21...
Rxb5 22. Rc7 Kf8 23. Kc4 Rb6 $2 (23... Re5 24. Bxb7 g5 25. Nd5 Rxe2 26. Rxe7
Rxe7 27. Nxe7 Kxe7 28. Be4 {/\ Bc2 +-.}) 24. Rxe7 $18 g5 25. Nd5 Rc6+ 26. Kd3
Rc1 27. Bf3 f5 28. Bh5 Rd1+ 29. Kc4 Rc1+ 30. Kb4 1-0